La Maison d'Arrêt de la ville de St.-Petersbourg en 1881-1884. (Record no. 158533)
[ view plain ]
| 000 -LEADER | |
|---|---|
| campo de control de longitud fija | 01023nam a2200205 i 4500 |
| 001 - NÚMERO DE CONTROL | |
| campo de control | 158533 |
| 003 - IDENTIFICADOR DE NÚMERO DE CONTROL | |
| campo de control | ES-MaACL |
| 005 - FECHA Y HORA DE LA ÚLTIMA TRANSACCIÓN | |
| campo de control | 20250719062543.0 |
| 008 - DATOS DE LONGITUD FIJA--INFORMACIÓN GENERAL | |
| campo de control de longitud fija | 040831s1885 ru ef |||| | rus d |
| 245 03 - MENCIÓN DEL TÍTULO | |
| Título | La Maison d'Arrêt de la ville de St.-Petersbourg en 1881-1884. |
| 260 ## - PUBLICACIÓN, DISTRIBUCIÓN, ETC. | |
| Lugar de publicación, distribución, etc. | St.-Petersbourg : |
| Nombre del editor, distribuidor, etc. | [s.n.], |
| Fecha de publicación, distribución, etc. | 1885 ( |
| Fabricante | Imp. Glasounoff) |
| 300 ## - DESCRIPCIÓN FÍSICA | |
| Extensión | 55 p., [3] h. de planos pleg. ; |
| Dimensiones | 21 cm. |
| 594 ## - Nota al título y mención de responsabilidad | |
| Nota al título y mención de responsabilidad | Texto en cirílico. |
| 650 #4 - PUNTO DE ACCESO ADICIONAL DE MATERIA--TÉRMINO DE MATERIA | |
| Término de materia o nombre geográfico como elemento de entrada | Establecimientos penitenciarios- |
| Subdivisión geográfica | Rusia. |
| 9 (RLIN) | 143329 |
| 852 ## - LOCALIZACIÓN | |
| Ubicación | ES-MaACL |
| Número de control de estantería | D-69(1) |
| itemnumber | 164426 |
| Ubicación en estantería | Sala Valle Inclán |
| Signatura antigua | Olim: 193-C-13 |
| Marcas de propiedad | Sello en tinta en portada: "Donativo del Sr. Lastres al Ateneo de Madrid 1907" |
| Anotaciones manuscritas | Anotación manuscrita en portada: "Folletos penitenciarios. T. 13" |
| Donativo/Legado | Donación: Francisco Lastres y Juiz |
| Encuadernación | Encuadernado con otras obras formando un volumen facticio |
| -- | Encuadernación holandesa |
| Sublocalización o colección | R.FOLL.2/1 |
| 903 ## - NOMBRE PERSONAL DE DONANTE | |
| a | Lastres y Juiz, Francisco, |
| d | 1848-1918 |
| q | 1 |
| e | Donante |
| 9 | 70504 |
| 942 ## - ELEMENTOS DE ENTRADA SECUNDARIOS (KOHA) | |
| Fuente del sistema de clasificación o colocación | Clasificación decimal universal |
| Tipo de ítem Koha | Folleto |
| Estatus retirado | Estado de pérdida | Fuente del sistema de clasificación o colocación | Estado de daño | No para préstamo | Colección | Biblioteca de origen | Biblioteca actual | Ubicación en estantería | Fecha de adquisición | Fuente de adquisición | Total de préstamos | Signatura topográfica completa | Código de barras | Visto por última vez | Precio de reemplazo | Tipo de ítem Koha |
|---|---|---|---|---|---|---|---|---|---|---|---|---|---|---|---|---|
| Clasificación decimal universal | Colección de folletos | Biblioteca del Ateneo de Madrid | Biblioteca del Ateneo de Madrid | Sala Valle Inclán | 17/01/2008 | Donación | D-69(1) | 901165931 | 23/02/2023 | 23/02/2023 | Folleto |
